Countries that Start and End with the Same Letter - Statistics

General Stats
  • This quiz has been taken 63 times
  • The average score is 12 of 14
Answer Stats
Answer % Correct
Albania
96%
Argentina
96%
Australia
96%
Austria
91%
Algeria
89%
Andorra
85%
Angola
85%
Antigua and Barbuda
84%
Armenia
76%
Saint Kitts and Nevis
76%
Saint Vincent and the Grenadines
76%
Solomon Islands
75%
Seychelles
65%
Central African Republic
60%
No matching quizzes found
Score Distribution
Percent of People with Each Score
Percentile by Number Answered
Your Score History
You have not taken this quiz